'R' Movies by Picture Quiz Stats

 Plays Quiz Updated Jan 18, 2013

Challenge
Share
Tweet
Score 0/25 Timer 06:00
0 Plays Today
Grid Location Movie % Correct
Rocky
95.7%
Rambo
94.1%
RoboCop
85%
Raiders of the Lost Ark
83.4%
Ratatouille
83%
Rain Man
80%
Rango
77.7%
Return of the Jedi
74.4%
Remember the Titans
61.2%
Rush Hour
58.1%
Risky Business
53.3%
Reservoir Dogs
52.5%
Resident Evil
51.2%
Grid Location Movie % Correct
Rear Window
43.2%
Ransom
41.8%
Rookie of the Year
40.3%
Romancing the Stone
40.1%
Raging Bull
38.5%
The Road
33.4%
Red Dragon
30.6%
The Reader
30.5%
Revolutionary Road
29.6%
Revenge of the Nerds
29.4%
Rounders
24.3%
Rescue Dawn
7.8%

You're not logged in!

Compare scores with friends on all Sporcle quizzes.
Join for Free
OR
Log In

You Might Also Like...

Show Comments

Extras

Top Quizzes Today


Score Distribution

Your Account Isn't Verified!

In order to create a playlist on Sporcle, you need to verify the email address you used during registration. Go to your Sporcle Settings to finish the process.

Report this User

Report this user for behavior that violates our Community Guidelines.

Details: